000 00413nam a22001457a 4500
008 220920b |||||||| |||| 00| 0 eng d
020 _a0801021473
050 _aPJ4567
_b.R66 2001 C.1
100 _aRoss, Allen P.
245 _aIntroducing Biblical Hebrew/
_cAllen P. Ross
260 _aGrand Rapids, Michigan
_bBaker Academics
_c2001
300 _a565p.
650 _aHebrew language
_vGrammar
942 _2lcc
_cBK
999 _c19506
_d19505